00478nam a22001337a 4500008004100000020001800041082002200059110004000081245012700121250001200248260005400260300000900314650002100323191022b ||||| |||| 00| 0 eng d a978928014228000a341.75660265 I339 aInternational Maritime Organization10aSAR convention, 1979 : International Convention on Maritime Search and Rescue, 1979 : as amended by resolution MSC. 70(69) a7th ed. aLondonbInternational Maritime Organizationc2006 a26p. 0aMarine Accidents